| 000 | 00000nam##2200000za#4500 |
| 001 | 9.615765 |
| 003 | CaOODSP |
| 005 | 20210615101258 |
| 007 | ta |
| 008 | 150406|2001||||xxc||||| f|0| 0 eng|d |
| 022 | |a0706-6457 |
| 040 | |aCaOODSP|beng |
| 043 | |an-cn--- |
| 086 | 1 |aFs97-6/2365E |
| 110 | 1 |aCanada. |bDepartment of Fisheries and Oceans. |
| 245 | 10|aModelling water temperatures at depths within the stream substrate of Catamaran Brook (NB) : |bpotential implication of climate change / |cby Daniel Caissie and Mysore G. Satish. |
| 260 | |aOttawa - Ontario : |bFisheries and Oceans Canada |c2001. |
| 300 | |avi, 21p. : |bgraphs, references ; |c28 cm. |
| 490 | 1 |aCanadian technical report of fisheries and aquatic sciences|x0706-6457|v2365 |
| 500 | |aPrepared at the Fisheries and Oceans Canada, Gulf Fisheries Centre, Division Branch, Diadromous Fish Division, P.O. Box 5030, 343 Université Ave., Moncton, New Brunswick E1C 9B6. "...The objective of the present study was to model intragravel water temperatures in Catamarans Brook, (NB) during the summer period in 1996. The specific objectives were: a) to calibrate a finite difference diffusion model using existing intragravel temperature data, b) to model intragravel temperatures at different depth within the stream substrate, and c) to carry out a sensitivity analysis based on the vertical velocity component and increases in groundwater temperatures."--Page 2. |
| 520 | 3 |a...The objective of the present study was to model intragravel water temperatures in Catamarans Brook, (NB) during the summer period in 1996. The specific objectives were: a) to calibrate a finite difference diffusion model using existing intragravel temperature data, b) to model intragravel temperatures at different depth within the stream substrate, and c) to carry out a sensitivity analysis based on the vertical velocity component and increases in groundwater temperatures.--Page 2 |
| 546 | |aRésumé en français |
| 563 | |aSoftcover |
| 590 | |a01-37|b2001-09-14 |
| 690 | 07|aDams|2gcpds |
| 690 | 07|aHabitats|2gcpds |
| 690 | 07|aEnvironmental impact assessment|2gcpds |
| 690 | 07|aElectric power stations|2gcpds |
| 690 | 07|aSalt water fish|2gcpds |
| 720 | 1 |aStobo, Wayne T. |
| 720 | 1 |aSatish, Mysore G. |
| 776 | 0#|tModelling water temperatures at depths within the stream substrate at Catamaran Brook (NB) : |w(CaOODSP)9.574051 |
| 830 | #0|aCanadian technical report of fisheries and aquatic sciences,|x0706-6457|v2365|w(CaOODSP)9.514691 |